000
00302 a2200133 4500
001
48862
040
_c
Anchieta - Bela Vista
100
_a
Belinky, Tatiana
240
1
0
_a
O cocheiro erudito
_l
por
245
1
0
_a
O cocheiro erudito
362
0
_a
2001
650
4
_a
Literatura infanto-juvenil
942
_c
BK
999
_c
48862
_d
48862